On marketing stickiness: How to motivate your customers want more

Pojem marketingová lepkavosť (stickiness marketing). Meranie lepkavosti.

Na minha lista:
Detalhes bibliográficos
Autor principal: Štrach, Pavel
Formato: Capítulo de Livro
Idioma:inglês
Assuntos:
Tags: Adicionar Tag
Sem tags, seja o primeiro a adicionar uma tag!

MARC

LEADER 00000naa a2200000 4500
001 0236105
005 20220722103800.2
041 0 |a eng 
044 |a SK 
245 1 0 |a On marketing stickiness: How to motivate your customers want more  |c Pavel Štrach 
520 |a Pojem marketingová lepkavosť (stickiness marketing). Meranie lepkavosti. 
610 2 0 |a zákazníci 
610 2 0 |a stratégia marketingová 
610 2 0 |a marketing 
610 2 0 |a motivácia 
100 1 |a Štrach, Pavel